| 000 | 00888cam a2200193 4500 | ||
|---|---|---|---|
| 001 | WB3704-23 | ||
| 008 | 000000n2001 000 0 eng u | ||
| 035 | _a(Sirsi) u110459 | ||
| 245 | _aStudy finds fault in development plans | ||
| 260 | _c2001 | ||
| 490 |
_aPlanning (for the Natural and Built Environment) _v19 January 2001, 1(1) |
||
| 520 | _aA study, "Fitness for Purpose: the Quality of Development Plans" has found that development plans are too restrictive, acting as guides for development control rather than taking a more positive role. The report is available from Cardiff University (tel 0292 087 6222 and a good practice guide is available from the RTPI (tel 020 7636 9107) | ||
| 590 | _aWB | ||
| 650 | _aPLANNING GUIDANCE | ||
| 650 | _aRTPI | ||
| 650 | _aPLANNING DEVELOPMENT | ||
| 690 | _aENVIRONMENTAL AND LAND CONSULTANCY-PLANNING AND DEVELOPMENT | ||
| 942 | _n0 | ||
| 999 |
_c65857 _d65857 |
||